[Event "AUTO-OPEN-1395"]
[Site "http://www.queenalice.com/game.php?id=519414"]
[Date "2009.1.8"]
[Round "1"]
[White "d4e5"]
[Black "whyBish"]
[Result "0-1"]
[WhiteElo "1464"]
[BlackElo "2036"]

1. d4 f5 2. c4 Nf6 3. e3 g6 4. Nf3 d6 5. Bd3 Bg7 6. Nc3 O-O 7. O-O c6 8. b4 Qc7
9. Bb2 e5 10. dxe5 dxe5 11. e4 f4 12. c5 Bg4 13. h3 Bxf3 14. Qxf3 Nbd7 15. Rad1
b6 16. cxb6 Nxb6 17. Rd2 Kh8 18. Rfd1 Rfd8 19. b5 c5 20. a4 c4 21. Bc2 Rxd2 22.
Rxd2 Rd8 23. Rxd8+ Qxd8 24. Qe2 h5 25. f3 Qd4+ 0-1

[Event "AUTO-OPEN-1395"]
[Site "http://www.queenalice.com/game.php?id=519415"]
[Date "2009.1.8"]
[Round "1"]
[White "whyBish"]
[Black "d4e5"]
[Result "1-0"]
[WhiteElo "2038"]
[BlackElo "1410"]

1. f4 f5 2. b3 b6 3. Bb2 Bb7 4. e3 e6 5. Nf3 Nf6 6. Be2 Be7 7. d3 d5 8. Nbd2 c5
9. Ne5 g6 10. Ndf3 Nc6 11. Nxc6 Bxc6 12. O-O O-O 13. Qd2 a5 14. Rad1 a4 15. c4
1-0

[Event "AUTO-OPEN-1396"]
[Site "http://www.queenalice.com/game.php?id=519833"]
[Date "2009.1.9"]
[Round "1"]
[White "Enrico"]
[Black "d4e5"]
[Result "1-0"]
[WhiteElo "1773"]
[BlackElo "1494"]

1. e4 e5 2. Nf3 d6 3. Bc4 Be7 4. d3 Bg4 5. h3 Bh5 6. g4 Bg6 7. Nc3 Nc6 8. Be3
Qd7 9. a3 a6 10. Nd5 O-O-O 11. Qe2 f6 12. Nxe7+ Ngxe7 13. O-O-O h5 14. g5 f5 15.
Nh4 f4 16. Bd2 Nd4 17. Qf1 b5 18. Ba2 c5 19. c3 Ne6 20. Bxe6 Qxe6 21. f3 Qa2 22.
Nxg6 Nxg6 23. h4 Kb7 24. Kc2 c4 25. dxc4 bxc4 26. Qf2 Rb8 27. Ra1 Qb3+ 28. Kb1
1-0

[Event "AUTO-OPEN-1396"]
[Site "http://www.queenalice.com/game.php?id=519834"]
[Date "2009.1.9"]
[Round "1"]
[White "d4e5"]
[Black "Enrico"]
[Result "0-1"]
[WhiteElo "1477"]
[BlackElo "1778"]

1. d4 d5 2. c4 dxc4 3. Nc3 Nf6 4. e4 e6 5. Bxc4 a6 6. a4 Bb4 7. Bg5 Be7 8. Nf3
h6 9. Bh4 g5 10. Bg3 Bb4 11. e5 Bxc3+ 12. bxc3 Ne4 13. Qc2 Nxg3 14. hxg3 g4 15.
Nh2 h5 16. Nxg4 Nd7 17. Ne3 b6 18. Be2 Bb7 19. Rxh5 Rxh5 20. Bxh5 Qg5 21. Qh7
O-O-O 22. Qxf7 Rh8 23. g4 Qh4 24. O-O-O Qg5 25. Qxe6 Be4 26. Kb2 Rh6 27. Qe8+
Qd8 28. Qxd8+ Kxd8 0-1

[Event "AUTO-OPEN-1396"]
[Site "http://www.queenalice.com/game.php?id=519849"]
[Date "2009.1.9"]
[Round "1"]
[White "Iancopoulus"]
[Black "d4e5"]
[Result "1-0"]
[WhiteElo "2111"]
[BlackElo "1375"]

1. d4 d5 2. e4 dxe4 3. Nc3 Nf6 4. f3 exf3 5. Nxf3 e6 6. Bg5 Be7 7. Qd2 c5 8. Qf4
cxd4 9. O-O-O Nc6 10. Bb5 Bd7 11. Bxc6 1-0

[Event "AUTO-OPEN-1396"]
[Site "http://www.queenalice.com/game.php?id=519850"]
[Date "2009.1.9"]
[Round "1"]
[White "d4e5"]
[Black "Iancopoulus"]
[Result "0-1"]
[WhiteElo "1375"]
[BlackElo "2110"]

1. d4 e5 2. dxe5 Nc6 3. Nf3 Nge7 4. Bf4 Ng6 5. Bg3 Bc5 6. h4 Qe7 7. Qd5 h5 8. c3
f6 9. exf6 gxf6 10. e3 d6 11. Bd3 Nge5 12. Nxe5 Nxe5 13. Bxe5 fxe5 14. Bg6+ Kd8
15. b4 Bb6 0-1

[Event "AUTO-OPEN-1397"]
[Site "http://www.queenalice.com/game.php?id=520368"]
[Date "2009.1.10"]
[Round "1"]
[White "achilles_ferrucci"]
[Black "d4e5"]
[Result "1-0"]
[WhiteElo "1100"]
[BlackElo "1410"]

1. e4 e5 2. Nf3 d6 3. d4 exd4 4. Nxd4 Nf6 5. Nc3 Bd7 6. Be2 Nc6 7. Be3 Be7 8.
O-O O-O 9. f4 Re8 10. Qe1 Bf8 11. Bd3 Nb4 12. h3 1-0

[Event "AUTO-OPEN-1397"]
[Site "http://www.queenalice.com/game.php?id=520369"]
[Date "2009.1.10"]
[Round "1"]
[White "d4e5"]
[Black "achilles_ferrucci"]
[Result "1-0"]
[WhiteElo "1500"]
[BlackElo "1100"]

1. d4 Nf6 2. c4 e6 3. Nf3 c5 4. e3 Nc6 5. Be2 d5 6. dxc5 Bxc5 7. O-O O-O 8. a3
Re8 9. b4 Bf8 10. c5 g6 11. Bb2 Bg7 12. Nc3 e5 13. Qc2 Bf5 14. Qb3 Qd7 15. Rfd1
Rad8 16. Rd2 Be6 17. Qc2 Qc7 18. Nb5 Qb8 19. Nd6 Re7 20. Nxe5 Nxe5 21. Bxe5 Ne4
22. Bxg7 Nxd2 23. Bf6 1-0

[Event "AUTO-OPEN-1397"]
[Site "http://www.queenalice.com/game.php?id=520396"]
[Date "2009.1.10"]
[Round "1"]
[White "Undertaker"]
[Black "d4e5"]
[Result "1-0"]
[WhiteElo "1883"]
[BlackElo "1496"]

1. e4 e5 2. Nf3 d6 3. h3 Nf6 4. Bc4 Nxe4 5. d3 Nf6 6. Bg5 Be7 7. Nc3 Nc6 8. O-O
O-O 9. Bxf6 Bxf6 10. Ne4 Be7 11. Re1 d5 12. Bb3 dxe4 13. Rxe4 Bd6 14. Bd5 Bd7
15. Qd2 Kh8 16. Ng5 Qe7 17. Rh4 h6 18. Nf3 Kh7 19. Be4+ f5 20. Ng5+ Kh8 21. Bd5
f4 22. Nf3 Nd4 23. Nxd4 Qxh4 24. Nf3 Qf6 25. Re1 c6 26. Bb3 g5 27. Nh2 h5 28. c3
g4 29. hxg4 hxg4 30. Re4 Rae8 31. Nf1 Bf5 32. Re1 Kg7 33. d4 Rh8 34. f3 g3 35.
dxe5 Qh4 36. Nxg3 fxg3 37. Kf1 Qh1+ 38. Ke2 Rxe5+ 39. Kd1 Rxe1+ 40. Qxe1 1-0

[Event "AUTO-OPEN-1397"]
[Site "http://www.queenalice.com/game.php?id=520397"]
[Date "2009.1.10"]
[Round "1"]
[White "d4e5"]
[Black "Undertaker"]
[Result "0-1"]
[WhiteElo "1500"]
[BlackElo "1881"]

1. e4 e5 2. Nf3 Nf6 3. d3 h6 4. Nxe5 Bc5 5. Be2 d6 6. Nf3 Nc6 7. Nc3 Ng4 8. O-O
O-O 9. a3 Be6 10. b4 Bb6 11. Na4 Re8 12. c4 Nge5 13. c5 dxc5 14. Nxe5 Nxe5 15.
bxc5 Ba5 16. d4 Ng6 17. f3 b5 18. Bxb5 Re7 19. d5 Bd7 20. c6 Bc8 21. Bb2 Rb8 22.
Bc4 Re8 23. Rb1 Bb6+ 24. Nxb6 Rxb6 25. Bd4 Rxb1 26. Qxb1 Qg5 27. Bxa7 Bh3 28.
Rf2 Ne5 29. f4 Nf3+ 30. Kh1 Bxg2+ 31. Rxg2 Qxf4 32. Qf1 Rxe4 33. Ba2 Re1 34.
Qxe1 Nxe1 35. Rf2 Qe4+ 36. Kg1 Nd3 37. d6 Nxf2 38. d7 Nh3+ 39. Kf1 Qd3+ 40. Ke1
Kh7 0-1